| 000 | 00348nam a2200145Ia 4500 | ||
|---|---|---|---|
| 008 | 150201s2009 xx 000 0 und d | ||
| 082 |
_a606 _bL09F |
||
| 100 | _aFINKELMAN , ANITA W. | ||
| 245 | _aLEADERSHIP & MANAGEMENTS IN NURSING | ||
| 250 | _a1ST | ||
| 260 |
_bDORLIN _aINDIA _c2009 |
||
| 300 | _a556 | ||
| 650 | _aNURSING | ||
| 942 |
_2ddc _cBK _02 |
||
| 999 |
_c2053 _d2053 |
||